Public speaking : (Record no. 7106)

MARC details
000 -LEADER
fixed length control field 01203cam a2200205 a 4500
020 ## - INTERNATIONAL STANDARD BOOK NUMBER
ISBN 0205449832
022 ## - INTERNATIONAL STANDARD SERIAL NUMBER
ISSN 9780205449835
050 00 - CALL NUMBER
Classification number PN4129.15
Item number .B43
100 1# - AUTHOR
Personal name Beebe, Steven A.,(ed.)
245 10 - TITLE
Title Public speaking :
Remainder of title an audience-centered approach /
Statement of responsibility, etc Steven A. Beebe, Susan J. Beebe.
250 ## - EDITION
Edition statement 6th ed.
260 ## - PUBLICATION INFORMATION
Place of publication Boston :
Name of publisher Allyn and Bacon,
Year of publication 2006.
300 ## - DESCRIPTION
Number of Pages xxxiii, 494 p. :
Other physical details col. ill. ;
Dimensions 28 cm.
500 ## - NOTES
General note Includes Index
505 ## - FORMATTED CONTENTS NOTE
Table of Content Speaking with confidence --<br/>The audience-centered speechmaking process --<br/>Ethics and free speech --<br/>Listening to speeches --<br/>Analyzing your audience --<br/>Developing your speech --<br/>Gathering supporting material --<br/>Supporting your speech --<br/>Organizing your speech --<br/>Introducing and concluding your speech --<br/>Outlining and editing your speech --<br/>Using words well: speaker language and style --<br/>Delivering your speech --<br/>Using presentation aids --<br/>Speaking to inform --<br/>Understanding principles of persuasive speaking --<br/>Using persuasive strategies --<br/>Special-occasion speaking --<br/>Speaking in small groups.
650 #0 - SUBJECTS
Topical Term Public speaking.
650 #0 - SUBJECTS
Topical Term Oral communication.
700 1# - OTHER AUTHORS
Personal name Beebe, Susan J.(ed.)
942 ## - ADDED ENTRY ELEMENTS (KOHA)
Koha item type Books
Holdings
Withdrawn status Lost status Collection code Home library Current library Shelving location Date acquired Full call number Accession Number Koha item type
    Reference Methodist University Library Main Methodist University Library Main General Stacks 12/01/2014 PN4129.15 .B43 39318 Books
Copyright © 2026  MUG Library